Fundamentos de administración: teoría general y proceso administrativo (Registro nro. 3741)
[ vista simple ]
| 000 -CABECERA | |
|---|---|
| campo de control de longitud fija | 01256aam a2200397 4500 |
| 005 - FECHA Y HORA DE ACTUALIZACIÓN | |
| campo de control | 20220201092309.0 |
| 008 - LONGITUD FIJA | |
| campo de control de longitud fija | 150306b xxu||||| |||| 00| 0 spa d |
| 020 ## - INTERNATIONAL STANDARD BOOK NUMBER | |
| Número Internacional Estándar del Libro | 9789702615118 |
| 041 ## - IDIOMA | |
| Código de idioma del texto/pista de sonido o título separado | |
| 082 ## - CLASIFICACIÓN DECIMAL DEWEY | |
| Número de clasificación | 658 A485f |
| 100 ## - AUTOR PERSONAL | |
| Nombre de persona | Amaru, Antonio César |
| 245 ## - TÍTULO PROPIAMENTE DICHO | |
| Título | Fundamentos de administración: teoría general y proceso administrativo |
| 260 ## - PIE DE IMPRENTA | |
| Lugar de publicación, distribución, etc. | México |
| Nombre del editor, distribuidor, etc. | Pearson |
| Fecha de publicación, distribución, etc. | 2009 |
| 300 ## - DESCRIPCIÓN FÍSICA | |
| Extensión | 488 páginas |
| 650 ## - Materia General | |
| Materia general | ADMINISTRACIÓN |
| 650 ## - Materia General | |
| Materia general | ORGANIZACIÓN |
| 650 ## - Materia General | |
| Materia general | PLANEACIÓN |
| 650 ## - Materia General | |
| Materia general | CONTROL |
| 650 ## - Materia General | |
| Materia general | DESARROLLO EMPRENDEDOR |
| 650 ## - Materia General | |
| Materia general | REVOLUCIÓN INDUSTRIAL |
| 650 ## - Materia General | |
| Materia general | LIDERAZGO |
| 650 ## - Materia General | |
| Materia general | TEORÍA ADMINISTRATIVA |
| 650 ## - Materia General | |
| Materia general | ÉTICA |
| 650 ## - Materia General | |
| Materia general | GERENCIA |
| 650 ## - Materia General | |
| Materia general | PLANEACIÓN ESTRATÉGICA |
| 650 ## - Materia General | |
| Materia general | PROCESO DE PLANEACIÓN |
| 650 ## - Materia General | |
| Materia general | ESTRUCTURA ORGANIZACIONAL |
| 650 ## - Materia General | |
| Materia general | CULTURA ORGANIZACIONAL |
| 650 ## - Materia General | |
| Materia general | MOTIVACIÓN |
| 650 ## - Materia General | |
| Materia general | PENSAMIENTO ADMINISTRATIVO |
| 650 ## - Materia General | |
| Materia general | RESPONSABILIDAD SOCIAL |
| 650 ## - Materia General | |
| Materia general | DESEMPENO ORGANIZACIONAL |
| 650 ## - Materia General | |
| Materia general | ADMINISTRACIÓN DE PROYECTOS |
| 650 ## - Materia General | |
| Materia general | ADMINISTRACIÓN DE LA CALIDAD |
| 942 ## - Punto de Acceso Adicional Koha | |
| Tipo de ítem Koha | Libro |
| Estado perdido | Estado dañado | No para préstamo | Biblioteca permanente | Biblioteca actual | Signatura completa | Código de barras | Precio efectivo a partir del | Tipo de ítem |
|---|---|---|---|---|---|---|---|---|
| Departamento de Biblioteca y Documentación Alfonso Chase Brenes | Departamento de Biblioteca y Documentación Alfonso Chase Brenes | 658 A485f | 14923 | 26/02/2016 | Libro | |||
| Departamento de Biblioteca y Documentación Alfonso Chase Brenes | Departamento de Biblioteca y Documentación Alfonso Chase Brenes | 658 A485f | 18961 | 26/02/2016 | Libro | |||
| Departamento de Biblioteca y Documentación Alfonso Chase Brenes | Departamento de Biblioteca y Documentación Alfonso Chase Brenes | 658 A485f | 13837 | 26/02/2016 | Libro | |||
| Departamento de Biblioteca y Documentación Alfonso Chase Brenes | Departamento de Biblioteca y Documentación Alfonso Chase Brenes | 658 A485f | 13838 | 26/02/2016 | Libro | |||
| Departamento de Biblioteca y Documentación Alfonso Chase Brenes | Departamento de Biblioteca y Documentación Alfonso Chase Brenes | 658 A485f | 13839 | 26/02/2016 | Libro | |||
| Departamento de Biblioteca y Documentación Alfonso Chase Brenes | Departamento de Biblioteca y Documentación Alfonso Chase Brenes | 658 A485f | 13840 | 26/02/2016 | Libro | |||
| Departamento de Biblioteca y Documentación Alfonso Chase Brenes | Departamento de Biblioteca y Documentación Alfonso Chase Brenes | 658 A485f | 13841 | 26/02/2016 | Libro | |||
| Departamento de Biblioteca y Documentación Alfonso Chase Brenes | Departamento de Biblioteca y Documentación Alfonso Chase Brenes | 658 A485f | 20549 | 26/02/2016 | Libro | |||
| Departamento de Biblioteca y Documentación Alfonso Chase Brenes | Departamento de Biblioteca y Documentación Alfonso Chase Brenes | 658 A485f | 20550 | 26/02/2016 | Libro | |||
| Departamento de Biblioteca y Documentación Alfonso Chase Brenes | Departamento de Biblioteca y Documentación Alfonso Chase Brenes | 658 A485f | 20551 | 26/02/2016 | Libro |